|
|
|
|
| LEADER |
00700cam a2200205 7i4500 |
| 001 |
0000016177 |
| 005 |
20050908090000.0 |
| 090 |
0 |
0 |
|a M 332.6
|b MAL
|
| 110 |
1 |
0 |
|a Malaysia Industry Development Authority (MIDA)
|
| 245 |
0 |
0 |
|a Why Malaysia :
|b your profit centre in Asia :
|b your profit centre in Asia :
|b April 2005.
|
| 260 |
0 |
0 |
|a Kuala Lumpur:
|b MIDA,
|c 2005.
|
| 300 |
# |
# |
|a 16 p.
|
| 650 |
0 |
0 |
|a Business --
|z Malaysia
|
| 650 |
0 |
0 |
|a Economics --
|z Malaysia
|
| 650 |
0 |
0 |
|a Investment --
|z Malaysia
|
| 650 |
0 |
0 |
|a Quality --
|z Malaysia
|
| 650 |
0 |
0 |
|a Social values --
|z Malaysia
|
| 650 |
0 |
0 |
|a Goverment policy --
|z Malaysia
|
| 651 |
0 |
0 |
|a Malaysia
|
| 999 |
|
|
|a 0000017576
|b Book
|c Countries
|e Business Information Centre
|